Sovereign States and Their Capital Cities Quiz Stats

 Plays Quiz not verified by Sporcle

Score 0/194 Timer 20:00
0 Plays Today
% Correct
Bishkek, Kyrgyzstan
65.5%
Ottawa, Canada
62.1%
Paris, France
62.1%
Washington, United States
58.6%
Mexico City, Mexico
58.6%
Bogota, Colombia
58.6%
Caracas, Venezuela
58.6%
Santiago, Chile
58.6%
Algiers, Algeria
58.6%
London, United Kingdom
58.6%
Rome, Italy
58.6%
Oslo, Norway
58.6%
Stockholm, Sweden
58.6%
Guatemala City, Guatemala
55.2%
Tegucigalpa, Honduras
55.2%
San Salvador, El Salvador
55.2%
Managua, Nicaragua
55.2%
Panama City, Panama
55.2%
Quito, Ecuador
55.2%
Lima, Peru
55.2%
La Paz, Bolivia
55.2%
Asuncion, Paraguay
55.2%
Montevideo, Uruguay
55.2%
Buenos Aires, Argentina
55.2%
Brasilia, Brazil
55.2%
Havana, Cuba
55.2%
Accra, Ghana
55.2%
Monrovia, Liberia
55.2%
Freetown, Sierra Leone
55.2%
Bissau, Guinea-Bissau
55.2%
Dakar, Senegal
55.2%
Juba, South Sudan
55.2%
Khartoum, Sudan
55.2%
Djibouti, Djibouti
55.2%
Rabat, Morocco
55.2%
Tunis, Tunisia
55.2%
Cairo, Egypt
55.2%
Lisbon, Portugal
55.2%
Madrid, Spain
55.2%
Dublin, Ireland
55.2%
Berlin, Germany
55.2%
Bern, Switzerland
55.2%
Vaduz, Liechtenstein
55.2%
Vienna, Austria
55.2%
Reykjavik, Iceland
55.2%
Copenhagen, Denmark
55.2%
Helsinki, Finland
55.2%
Tallinn, Estonia
55.2%
Tokyo, Japan
55.2%
Riga, Latvia
55.2%
Minsk, Belarus
55.2%
Athens, Greece
55.2%
Tbilisi, Georgia
55.2%
Moscow, Russia
55.2%
Astana, Kazakhstan
55.2%
Kabul, Afghanistan
55.2%
Jerusalem, Israel
55.2%
Beijing, China
55.2%
Pyongyang, North Korea
55.2%
Seoul, South Korea
55.2%
Dhaka, Bangladesh
55.2%
Hanoi, Vietnam
55.2%
Canberra, Australia
55.2%
Port Moresby, Papua New Guinea
55.2%
Paramaribo, Suriname
55.2%
% Correct
Georgetown, Guyana
55.2%
Santo Domingo, Dominican Republic
51.7%
Pretoria, South Africa
51.7%
Nairobi, Kenya
51.7%
Victoria, Seychelles
51.7%
Abuja, Nigeria
51.7%
Ouagadougou, Burkina Faso
51.7%
Lome, Togo
51.7%
Conakry, Guinea
51.7%
Addis Ababa, Ethiopia
51.7%
Mogadishu, Somalia
51.7%
Tripoli, Libya
51.7%
Andorra la Vella, Andorra
51.7%
Brussels, Belgium
51.7%
Amsterdam, Netherlands
51.7%
Warsaw, Poland
51.7%
Monaco, Monaco
51.7%
San Marino, San Marino
51.7%
Valletta, Malta
51.7%
Budapest, Hungary
51.7%
Prague, Czech Republic
51.7%
Vilnius, Lithuania
51.7%
Chisinau, Moldova
51.7%
Bucharest, Romania
51.7%
Sofia, Bulgaria
51.7%
Sarajevo, Bosnia and Herzegovina
51.7%
Tirana, Albania
51.7%
Ankara, Turkey
51.7%
Nicosia, Cyprus
51.7%
Baku, Azerbaijan
51.7%
Islamabad, Pakistan
51.7%
Beirut, Lebanon
51.7%
Riyadh, Saudi Arabia
51.7%
Abu Dhabi, United Arab Emirates
51.7%
Doha, Qatar
51.7%
Manila, Philippines
51.7%
New Delhi, India
51.7%
Vientiane, Laos
51.7%
Phnom Penh, Cambodia
51.7%
Kuala Lumpur, Malaysia
51.7%
Jakarta, Indonesia
51.7%
Dili, Timor-Leste
51.7%
Wellington, New Zealand
51.7%
Suva, Fiji
51.7%
Belmopan, Belize
48.3%
San Jose, Costa Rica
48.3%
Kingston, Jamaica
48.3%
Port-au-Prince, Haiti
48.3%
Harare, Zimbabwe
48.3%
Luanda, Angola
48.3%
Kampala, Uganda
48.3%
Port Louis, Mauritius
48.3%
Libreville, Gabon
48.3%
Sao Tome, Sao Tome and Principe
48.3%
Niamey, Niger
48.3%
Bamako, Mali
48.3%
Porto-Novo, Benin
48.3%
Banjul, The Gambia
48.3%
Praia, Cabo Verde
48.3%
Asmara, Eritrea
48.3%
Luxembourg, Luxembourg
48.3%
Bratislava, Slovakia
48.3%
Ljubljana, Slovenia
48.3%
Belgrade, Serbia
48.3%
Podgorica, Montenegro
48.3%
% Correct
Yerevan, Armenia
48.3%
Tashkent, Uzbekistan
48.3%
Tehran, Iran
48.3%
Baghdad, Iraq
48.3%
Damascus, Syria
48.3%
Amman, Jordan
48.3%
Sanaa, Yemen
48.3%
Muscat, Oman
48.3%
Manama, Bahrain
48.3%
Kuwait City, Kuwait
48.3%
Male, Maldives
48.3%
Thimphu, Bhutan
48.3%
Naypyidaw, Myanmar
48.3%
Bangkok, Thailand
48.3%
Bandar Seri Begawan, Brunei
48.3%
Saint John's, Antigua and Barbuda
44.8%
Bridgetown, Barbados
44.8%
Port of Spain, Trinidad and Tobago
44.8%
Gaborone, Botswana
44.8%
Maputo, Mozambique
44.8%
Lusaka, Zambia
44.8%
Dodoma, Tanzania
44.8%
Antananarivo, Madagascar
44.8%
Moroni, Comoros
44.8%
Kinshasa, Democratic Republic of the Congo
44.8%
Brazzaville, Republic of the Congo
44.8%
Malabo, Equatorial Guinea
44.8%
N'Djamena, Chad
44.8%
Bangui, Central African Republic
44.8%
Yamoussoukro, Cote d'Ivoire
44.8%
Zagreb, Croatia
44.8%
Skopje, Macedonia
44.8%
Ashgabat, Turkmenistan
44.8%
Dushanbe, Tajikistan
44.8%
Ulaanbaatar, Mongolia
44.8%
Kathmandu, Nepal
44.8%
Singapore, Singapore
44.8%
Port Vila, Vanuatu
44.8%
Honiara, Solomon Islands
44.8%
Nuku'alofa, Tonga
44.8%
Apia, Samoa
44.8%
Funafuti, Tuvalu
44.8%
Tarawa, Kiribati
44.8%
Nassau, The Bahamas
41.4%
Basseterre, Saint Kitts and Nevis
41.4%
Roseau, Dominica
41.4%
Castries, Saint Lucia
41.4%
Maseru, Lesotho
41.4%
Mbabane, Swaziland
41.4%
Windhoek, Namibia
41.4%
Bujumbura, Burundi
41.4%
Yaren, Nauru
41.4%
Majuro, Marshall Islands
41.4%
Nouakchott, Mauritania
41.4%
Saint George's, Grenada
37.9%
Lilongwe, Malawi
37.9%
Kigali, Rwanda
37.9%
Yaounde, Cameroon
37.9%
Melekeok, Palau
37.9%
Kingstown, Saint Vincent and the Grenadines
34.5%
Kyiv, Ukraine
34.5%
Sri Jayawardenepura Kotte, Sri Lanka
34.5%
Palikir, Federated States of Micronesia
34.5%
Vatican City, Holy See
27.6%

You're not logged in!

Compare scores with friends on all Sporcle quizzes.
OR
Log In

Sporcle TV

Today on Sporcle TV


Watch our educational content, quiz creation guides, and fun videos on Sporcle TV.

Show Comments

Extras

Top Quizzes Today


Score Distribution

Your Account Isn't Verified!

In order to create a playlist on Sporcle, you need to verify the email address you used during registration. Go to your Sporcle Settings to finish the process.

Report this User

Report this user for behavior that violates our Community Guidelines.

Details: